[Event "WSCC 50 Open 2017"]
[Site "?"]
[Date "2017.11.16"]
[Round "9"]
[White "Welling, Gerard"]
[Black "Larsen, Peter"]
[Result "1-0"]
[WhiteElo "2316"]
[BlackElo "2286"]
[PlyCount "101"]
[EventDate "2017.??.??"]
[EventType "swiss"]
[EventCountry "ITA"]
[SourceTitle "Acqui Terme"]
[TimeControl "40/5400+30:1800+30"]
[WhiteClock "0:48:26"]
[BlackClock "0:19:50"]

1. d4 {[%emt 0:00:00]} Nf6 {[%emt 0:03:09]} 2. Nf3 {[%emt 0:00:17]} g6 {[%emt 0:00:12]} 3. Nc3 {[%emt 0:03:10]} d5 {[%emt 0:02:40]} 4. Bf4 {[%emt 0:00:25]} Bg7 {[%emt 0:01:52]} 5. e3 {[%emt 0:00:41]} O-O {[%emt 0:00:28]} 6. Be2 {[%emt 0:00:54]} c5 {[%emt 0:02:25]} 7. Ne5 {[%emt 0:01:32]} cxd4 {[%emt 0:00:14]} 8. exd4 {[%emt 0:00:04]} Nc6 {[%emt 0:06:13]} 9. O-O {[%emt 0:01:18]} Qb6 {[%emt 0:01:25]} 10. Nxc6 {[%emt 0:00:34]} Qxc6 {[%emt 0:00:50]} 11. Re1 {[%emt 0:06:36]} e6 {[%emt 0:03:28]} 12. Bb5 {[%emt 0:14:15]} Qb6 {[%emt 0:00:05]} 13. a4 {[%emt 0:00:05]} Ne4 {[%emt 0:21:57]} 14. a5 {[%emt 0:04:11]} Qxd4 {[%emt 0:07:51]} 15. Qxd4 {[%emt 0:01:20]} Bxd4 {[%emt 0:00:03]} 16. Nxe4 {[%emt 0:00:09]} dxe4 {[%emt 0:00:04]} 17. c3 {[%emt 0:02:05]} Bf6 {[%emt 0:06:57]} 18. Bc7 {[%emt 0:02:39]} e5 {[%emt 0:03:39]} 19. Rxe4 {[%emt 0:01:37]} Bf5 {[%emt 0:00:08]} 20. Ree1 {[%emt 0:01:16]} Rfc8 {[%emt 0:06:03]} 21. Bxe5 {[%emt 0:00:25]} Rc5 {[%emt 0:00:05]} 22. Bxf6 {[%emt 0:00:05]} Rxb5 {[%emt 0:00:02]} 23. b4 {[%emt 0:00:17]} Be6 {[%emt 0:01:53]} 24. Rad1 {[%emt 0:02:58]} Rf5 {[%emt 0:03:24]} 25. Bd4 {[%emt 0:00:23]} Rd5 {[%emt 0:01:33]} 26. Bc5 {[%emt 0:00:33]} Rxd1 {[%emt 0:01:56]} 27. Rxd1 {[%emt 0:00:02]} a6 {[%emt 0:02:58]} 28. Rd6 {[%emt 0:03:31]} g5 {[%emt 0:04:56]} 29. h3 {[%emt 0:00:47]} Rc8 {[%emt 0:01:37]} 30. Kh2 {[%emt 0:03:39]} h6 {[%emt 0:02:39]} 31. g4 {[%emt 0:02:15]} Kh7 {[%emt 0:00:50]} 32. Kg3 {[%emt 0:00:23]} Rc6 {[%emt 0:05:37]} 33. Rd2 {[%emt 0:01:51]} Kg6 {[%emt 0:00:48]} 34. h4 {[%emt 0:01:51]} h5 {[%emt 0:01:09]} 35. gxh5+ {[%emt 0:01:29]} Kxh5 {[%emt 0:00:01]} 36. hxg5 {[%emt 0:00:09]} Kxg5 {[%emt 0:00:05]} 37. Rd4 {[%emt 0:01:53]} Rc7 {[%emt 0:02:05]} 38. Re4 {[%emt 0:02:43]} Kf5 {[%emt 0:00:23]} 39. Rf4+ {[%emt 0:00:57]} Ke5 {[%emt 0:00:53]} 40. f3 {[%emt 0:07:29]} Rd7 {[%emt 0:31:16]} 41. Re4+ {[%emt 0:33:20]} Kf5 {[%emt 0:03:49]} 42. Bd4 {[%emt 0:02:28]} Rd8 {[%emt 0:02:10]} 43. Rf4+ {[%emt 0:03:03]} Kg6 {[%emt 0:00:37]} 44. Rf6+ {[%emt 0:00:08]} Kh7 {[%emt 0:01:28]} 45. Rf4 {[%emt 0:03:37]} Kg6 {[%emt 0:00:00]} 46. Rh4 {[%emt 0:00:00]} Kg5 {[%emt 0:00:00]} 47. Be3+ {[%emt 0:00:00]} Kg6 {[%emt 0:00:00]} 48. Rh6+ {[%emt 0:00:00]} Kg7 {[%emt 0:00:00]} 49. Rh5 {[%emt 0:00:00]} Rd3 {[%emt 0:00:00]} 50. Bd4+ {[%emt 0:00:00]} Kf8 {[%emt 0:00:00]} 51. Bf6 {[%emt 0:00:00]} 1-0

[Event "WSCC 50 Open 2017"]
[Site "?"]
[Date "2017.11.16"]
[Round "9"]
[White "Prasad, Devaki V"]
[Black "Sarno, Spartaco"]
[Result "1-0"]
[WhiteElo "2290"]
[BlackElo "2327"]
[PlyCount "47"]
[EventDate "2017.??.??"]
[EventType "swiss"]
[EventCountry "ITA"]
[SourceTitle "Acqui Terme"]
[TimeControl "40/5400+30:1800+30"]
[WhiteClock "0:20:20"]
[BlackClock "0:13:33"]

1. e4 {[%emt 0:00:00]} d6 {[%emt 0:02:44]} 2. d4 {[%emt 0:00:00]} Nf6 {[%emt 0:00:06]} 3. Nc3 {[%emt 0:00:00]} g6 {[%emt 0:00:05]} 4. f4 {[%emt 0:00:00]} Bg7 {[%emt 0:00:05]} 5. Nf3 {[%emt 0:00:02]} O-O {[%emt 0:02:15]} 6. e5 {[%emt 0:00:16]} Nfd7 {[%emt 0:00:15]} 7. Bc4 {[%emt 0:00:29]} c5 {[%emt 0:04:26]} 8. e6 {[%emt 0:00:59]} Nb6 {[%emt 0:00:26]} 9. exf7+ {[%emt 0:00:17]} Kh8 {[%emt 0:00:04]} 10. Bd3 {[%emt 0:01:49]} cxd4 {[%emt 0:02:49]} 11. Ne4 {[%emt 0:00:15]} Nc6 {[%emt 0:05:42]} 12. h4 {[%emt 0:25:49]} Rxf7 {[%emt 0:25:05]} 13. Nfg5 {[%emt 0:07:02]} Rf8 {[%emt 0:03:53]} 14. h5 {[%emt 0:04:20]} h6 {[%emt 0:15:49]} 15. hxg6 {[%emt 0:00:39]} Qe8 {[%emt 0:03:00]} 16. Qh5 {[%emt 0:12:49]} Kg8 {[%emt 0:02:08]} 17. g4 {[%emt 0:15:28]} d5 {[%emt 0:00:53]} 18. Ne6 {[%emt 0:08:00]} Bxe6 {[%emt 0:01:57]} 19. f5 {[%emt 0:00:04]} Bxf5 {[%emt 0:04:25]} 20. gxf5 {[%emt 0:00:22]} dxe4 {[%emt 0:00:19]} 21. Bxh6 {[%emt 0:00:24]} e6 {[%emt 0:11:39]} 22. Bxg7 {[%emt 0:00:37]} Kxg7 {[%emt 0:00:11]} 23. Qh6+ {[%emt 0:01:43]} Kf6 {[%emt 0:00:11]} 24. g7+ {[%emt 0:00:16]} 1-0

[Event "WSCC 50 Open 2017"]
[Site "?"]
[Date "2017.11.16"]
[Round "9"]
[White "Kannenberg, Karl-Heinz"]
[Black "Buchal, Stephan"]
[Result "1/2-1/2"]
[WhiteElo "2216"]
[BlackElo "2347"]
[PlyCount "143"]
[EventDate "2017.??.??"]
[EventType "swiss"]
[EventCountry "ITA"]
[SourceTitle "Acqui Terme"]
[TimeControl "40/5400+30:1800+30"]
[WhiteClock "0:01:19"]
[BlackClock "0:01:33"]

1. d4 {[%emt 0:00:00]} g6 {[%emt 0:00:19]} 2. e4 {[%emt 0:00:05]} Bg7 {[%emt 0:00:23]} 3. Nc3 {[%emt 0:00:14]} d6 {[%emt 0:00:27]} 4. f4 {[%emt 0:00:34]} a6 {[%emt 0:01:48]} 5. Nf3 {[%emt 0:00:50]} b5 {[%emt 0:00:17]} 6. Bd3 {[%emt 0:01:44]} Nd7 {[%emt 0:00:23]} 7. e5 {[%emt 0:01:39]} c5 {[%emt 0:00:42]} 8. Be4 {[%emt 0:00:39]} Rb8 {[%emt 0:00:32]} 9. O-O {[%emt 0:02:40]} cxd4 {[%emt 0:02:29]} 10. Nxd4 {[%emt 0:00:40]} dxe5 {[%emt 0:00:38]} 11. Nc6 {[%emt 0:00:55]} Qb6+ {[%emt 0:00:12]} 12. Kh1 {[%emt 0:00:12]} Ngf6 {[%emt 0:00:28]} 13. Nxb8 {[%emt 0:01:28]} Qxb8 {[%emt 0:02:12]} 14. fxe5 Nxe5 15. Bf4 {[%emt 0:07:31]} O-O {[%emt 0:01:16]} 16. Bf3 {[%emt 0:02:56]} e6 {[%emt 0:07:07]} 17. Qe2 {[%emt 0:02:52]} Nfd7 {[%emt 0:02:14]} 18. a4 {[%emt 0:05:51]} bxa4 {[%emt 0:04:31]} 19. Nxa4 {[%emt 0:00:31]} Qb4 {[%emt 0:14:45]} 20. Bd2 {[%emt 0:02:14]} Qh4 {[%emt 0:06:46]} 21. Be1 {[%emt 0:04:21]} Qh6 {[%emt 0:05:48]} 22. Bb4 {[%emt 0:19:08]} Re8 {[%emt 0:12:12]} 23. Ba8 {[%emt 0:09:20]} f5 {[%emt 0:05:26]} 24. Bc3 {[%emt 0:08:56]} Ng4 {[%emt 0:04:33]} 25. h3 {[%emt 0:00:28]} Ne3 {[%emt 0:02:21]} 26. Bxg7 {[%emt 0:03:02]} Kxg7 {[%emt 0:05:03]} 27. Rfe1 {[%emt 0:02:28]} f4 {[%emt 0:00:55]} 28. Bc6 {[%emt 0:01:24]} Re7 {[%emt 0:03:16]} 29. b3 {[%emt 0:04:54]} e5 {[%emt 0:02:37]} 30. Kg1 {[%emt 0:03:16]} Nf6 {[%emt 0:01:19]} 31. c4 {[%emt 0:02:45]} Qg5 {[%emt 0:01:26]} 32. Kh1 {[%emt 0:01:06]} Nf5 {[%emt 0:05:27]} 33. Qb2 {[%emt 0:02:08]} Kh6 {[%emt 0:02:39]} 34. Nc3 {[%emt 0:01:44]} e4 {[%emt 0:03:12]} 35. Nd5 {[%emt 0:03:47]} Nxd5 {[%emt 0:02:10]} 36. Bxd5 {[%emt 0:00:17]} Ng3+ {[%emt 0:01:16]} 37. Kh2 {[%emt 0:01:29]} f3 {[%emt 0:01:14]} 38. Qf2 {[%emt 0:01:59]} Nf5 {[%emt 0:00:34]} 39. Rxe4 {[%emt 0:00:39]} Rxe4 {[%emt 0:00:01]} 40. Bxe4 {[%emt 0:02:27]} Qf4+ {[%emt 0:30:13]} 41. Kg1 {[%emt 0:30:27]} Qxe4 {[%emt 0:00:50]} 42. Qd2+ {[%emt 0:00:00]} g5 {[%emt 0:00:00]} 43. Re1 {[%emt 0:00:00]} Qc6 {[%emt 0:00:00]} 44. g4 {[%emt 0:00:00]} Nh4 {[%emt 0:00:00]} 45. Qd5 {[%emt 0:00:00]} Qf6 {[%emt 0:00:00]} 46. Kf1 {[%emt 0:00:00]} Ng6 {[%emt 0:00:00]} 47. Re3 {[%emt 0:00:00]} Qa1+ {[%emt 0:00:00]} 48. Kf2 {[%emt 0:00:00]} Qb2+ {[%emt 0:01:05]} 49. Kxf3 {[%emt 0:00:00]} Qf6+ {[%emt 0:01:26]} 50. Ke4 {[%emt 0:00:00]} Be6 {[%emt 0:01:15]} 51. Qd6 {[%emt 0:00:24]} Nf4 {[%emt 0:00:58]} 52. Qe5 {[%emt 0:00:38]} Qd8 {[%emt 0:01:01]} 53. h4 {[%emt 0:01:25]} Qa8+ {[%emt 0:00:36]} 54. Kd4 {[%emt 0:00:21]} Qd8+ {[%emt 0:00:23]} 55. Kc3 {[%emt 0:00:11]} Bxg4 {[%emt 0:00:19]} 56. b4 {[%emt 0:04:15]} Kg6 {[%emt 0:00:51]} 57. Qe4+ {[%emt 0:00:41]} Bf5 {[%emt 0:00:24]} 58. Qc6+ {[%emt 0:00:20]} Kh5 {[%emt 0:00:12]} 59. hxg5 {[%emt 0:00:33]} Qd1 {[%emt 0:00:30]} 60. Qf3+ {[%emt 0:00:55]} Qxf3 {[%emt 0:00:02]} 61. Rxf3 {[%emt 0:00:11]} Kxg5 {[%emt 0:00:03]} 62. c5 {[%emt 0:00:29]} Kg4 {[%emt 0:01:21]} 63. Rf1 {[%emt 0:00:30]} Bd7 {[%emt 0:01:01]} 64. Rg1+ {[%emt 0:00:30]} Kf5 {[%emt 0:00:05]} 65. Rg7 {[%emt 0:00:14]} Nd5+ {[%emt 0:00:43]} 66. Kd4 {[%emt 0:01:01]} Nf6 {[%emt 0:00:01]} 67. Rg1 {[%emt 0:00:19]} Ke6 {[%emt 0:00:45]} 68. Re1+ {[%emt 0:00:44]} Kf7 {[%emt 0:00:01]} 69. Ke5 {[%emt 0:00:28]} Ke7 {[%emt 0:00:22]} 70. Kd4+ {[%emt 0:00:29]} Kd8 {[%emt 0:00:18]} 71. Ke5 {[%emt 0:00:21]} Ke7 {[%emt 0:00:44]} 72. Kd4+ {[%emt 0:00:02]} 1/2-1/2

[Event "WSCC 50 Open 2017"]
[Site "?"]
[Date "2017.11.16"]
[Round "9"]
[White "Vebic, Kasem"]
[Black "Bagaturov, Giorgi"]
[Result "0-1"]
[WhiteElo "2118"]
[BlackElo "2399"]
[PlyCount "98"]
[EventDate "2017.??.??"]
[EventType "swiss"]
[EventCountry "ITA"]
[SourceTitle "Acqui Terme"]
[TimeControl "40/5400+30:1800+30"]
[WhiteClock "0:41:18"]
[BlackClock "0:03:02"]

1. Nf3 {[%emt 0:00:02]} Nf6 {[%emt 0:00:38]} 2. c4 {[%emt 0:00:28]} b6 {[%emt 0:01:44]} 3. g3 {[%emt 0:00:22]} Bb7 {[%emt 0:00:17]} 4. Bg2 {[%emt 0:00:11]} e6 {[%emt 0:02:53]} 5. O-O {[%emt 0:01:13]} Be7 {[%emt 0:00:10]} 6. Nc3 {[%emt 0:00:15]} O-O {[%emt 0:03:47]} 7. d4 {[%emt 0:00:28]} d5 {[%emt 0:00:19]} 8. Ne5 {[%emt 0:02:07]} Na6 {[%emt 0:01:26]} 9. e3 {[%emt 0:01:07]} c5 {[%emt 0:03:28]} 10. cxd5 {[%emt 0:02:59]} exd5 {[%emt 0:02:09]} 11. b3 {[%emt 0:01:40]} Nc7 {[%emt 0:09:47]} 12. Bb2 {[%emt 0:00:45]} Ne6 {[%emt 0:00:20]} 13. Ne2 {[%emt 0:00:24]} Bd6 {[%emt 0:18:18]} 14. h3 {[%emt 0:01:19]} Re8 {[%emt 0:07:11]} 15. g4 {[%emt 0:01:10]} cxd4 {[%emt 0:01:07]} 16. exd4 {[%emt 0:00:09]} Nxd4 {[%emt 0:00:34]} 17. Nxd4 {[%emt 0:00:30]} Bxe5 {[%emt 0:00:12]} 18. f4 {[%emt 0:00:33]} Bd6 {[%emt 0:06:13]} 19. g5 {[%emt 0:02:04]} Ne4 {[%emt 0:01:01]} 20. h4 {[%emt 0:01:00]} Bf8 {[%emt 0:07:36]} 21. h5 {[%emt 0:02:37]} g6 {[%emt 0:12:16]} 22. h6 {[%emt 0:03:47]} f6 {[%emt 0:00:28]} 23. f5 {[%emt 0:02:43]} Nxg5 {[%emt 0:01:10]} 24. Qd3 {[%emt 0:03:54]} Re4 {[%emt 0:06:34]} 25. fxg6 {[%emt 0:05:48]} hxg6 {[%emt 0:00:24]} 26. h7+ {[%emt 0:00:54]} Kxh7 {[%emt 0:00:44]} 27. Bxe4 {[%emt 0:01:38]} dxe4 {[%emt 0:00:26]} 28. Qd2 {[%emt 0:02:29]} Bd6 {[%emt 0:06:24]} 29. Qe3 {[%emt 0:02:33]} Qe7 {[%emt 0:01:44]} 30. Kg2 {[%emt 0:01:17]} Be5 {[%emt 0:02:42]} 31. Rh1+ {[%emt 0:02:23]} Kg7 {[%emt 0:00:06]} 32. Raf1 {[%emt 0:00:44]} Rd8 {[%emt 0:01:01]} 33. Rh4 {[%emt 0:02:23]} Bxd4 {[%emt 0:01:02]} 34. Bxd4 {[%emt 0:00:58]} Rxd4 {[%emt 0:00:21]} 35. Qxd4 {[%emt 0:01:21]} Nf3 {[%emt 0:01:28]} 36. Rfh1 {[%emt 0:05:17]} Nxh4+ {[%emt 0:01:24]} 37. Rxh4 {[%emt 0:00:10]} g5 {[%emt 0:00:50]} 38. Rh3 {[%emt 0:02:11]} e3+ {[%emt 0:00:19]} 39. Kf1 {[%emt 0:00:48]} Bg2+ {[%emt 0:00:19]} 40. Kxg2 {[%emt 0:01:14]} e2 {[%emt 0:30:04]} 41. Rh1 {[%emt 0:31:48]} e1=Q {[%emt 0:00:33]} 42. Rxe1 {[%emt 0:00:38]} Qxe1 {[%emt 0:00:07]} 43. Qd7+ {[%emt 0:00:41]} Kg6 {[%emt 0:00:26]} 44. Qxa7 {[%emt 0:00:57]} Qa5 {[%emt 0:01:25]} 45. Qxa5 {[%emt 0:02:18]} bxa5 {[%emt 0:00:05]} 46. a4 {[%emt 0:00:55]} Kf5 {[%emt 0:00:09]} 47. b4 {[%emt 0:00:43]} axb4 {[%emt 0:00:05]} 48. a5 {[%emt 0:01:16]} b3 {[%emt 0:00:06]} 49. a6 {[%emt 0:00:01]} b2 {[%emt 0:00:06]} 0-1

[Event "WSCC 50 Open 2017"]
[Site "?"]
[Date "2017.11.16"]
[Round "9"]
[White "Vepkhvishvili, Varlam"]
[Black "Bischoff, Klaus"]
[Result "0-1"]
[WhiteElo "2048"]
[BlackElo "2513"]
[Annotator "TA"]
[PlyCount "90"]
[EventDate "2017.??.??"]
[EventType "swiss"]
[EventCountry "ITA"]
[SourceTitle "Acqui Terme"]

{[%evp 11,90,31,43,24,36,21,36,-27,0,-20,-30,-28,37,0,30,27,47,31,25,32,54,54,63,70,64,65,71,70,66,78,62,63,57,16,47,44,51,43,57,43,35,8,67,15,37,0,0,0,0,0,0,-68,-57,-116,-86,-156,-137,-142,-106,-146,-115,-113,-116,-375,-375,-375,-375,-375,-364,-510,-497,-518,-519,-511,-509,-29986,-1397,-29983,-29983,-29982,-904]} 1. d4 g6 2. e4 Bg7 3. Nc3 d6 4. f4 a6 5. Be2 e6 6. Be3 {B06: Moderne Verteidigung} Nd7 {LiveBook: 3 Partien} 7. g4 $146 ({Vorgänger:} 7. Qd2 Ne7 8. Bf3 b5 9. g4 Bb7 10. Nge2 Nb6 11. b3 f5 12. O-O O-O 13. Ng3 {0-1 (47) Gerber,R (2382)-Malakhatko,V (2604) Geneve 2007}) 7... Ne7 8. h4 {Weiß steht etwas besser.} b5 9. a3 (9. Bf3 $14) 9... Bb7 $11 10. h5 gxh5 11. gxh5 Bh6 ({Besser ist} 11... c5 $11 12. Bf3 cxd4 13. Bxd4 e5) 12. Qd3 f5 13. Bf3 Nf6 14. O-O-O fxe4 15. Nxe4 Ned5 16. Nh3 Qe7 17. Bd2 O-O-O 18. Rde1 Rde8 19. Neg5 Qd7 20. Rh2 Re7 21. Rhe2 {[%cal Rg5e6]} Rhe8 22. Kb1 Bg7 23. Nf2 Kb8 24. Nfe4 h6 25. Nxf6 Bxf6 26. Ne4 Bh8 (26... Rf8 $11) 27. Bg4 ({Lieber} 27. Nc3 $14) 27... Rf8 28. Nc3 {[%cal Rg4e6]} Nxf4 29. Bxf4 Rxf4 30. Bxe6 Qe8 31. d5 (31. Qg3 $11 Qf8 32. Bd5 Rxe2 33. Nxe2) 31... Qxh5 $15 32. Qg3 ({Günstiger ist} 32. Ne4 $15) 32... Be5 33. Qg8+ (33. Qd3 $142) 33... Re8 34. Qh7 Qg5 35. Re3 Rh8 36. Qd3 h5 $36 {[%mdl 2048] Schwarz ist am Drücker.} 37. Nxb5 $2 {[%mdl 8192]} (37. Ne2 $17 {war nötig.} Rff8 38. Nc3) 37... axb5 $19 38. Qxb5 {[#] Beabsichtigt Tb3 und Matt.} Bd4 $1 {[%cal Rd4e3]} ({Aber nicht} 38... Qh4 $2 {[#]} 39. Rb3 $1 $18 {[%mdl 512]}) 39. Rb3 {[%csl Gb3][%cal Rb5b7]} Bb6 40. a4 (40. c4 $142 Qg6+ 41. Ka2) 40... Qh4 41. Qe2 Rxa4 42. Rh3 Qc4 43. Rxh5 (43. Qxc4 $19 Rxc4 44. Rf1) 43... Rxh5 (43... Qa2+ $142 44. Kc1 Rxh5 45. Qxh5 Qa1+ 46. Kd2 Rd4+ 47. Ke2 Re4+ 48. Kd3 Qxe1 49. c3 Qb1+ 50. Kd2 Be3+ 51. Ke2 Bf4+ 52. Kf3 Qd3+ 53. Kg4 Bh6+ 54. Kf5 Rf4#) 44. Qxh5 Qa2+ 45. Kc1 Qa1+ {Precision: Weiß = 32%, Schwarz = 59%.} 0-1

[Event "WSCC 50 Open 2017"]
[Site "?"]
[Date "2017.11.16"]
[Round "9"]
[White "Cetinkaya, Vedat Ali"]
[Black "Certek, Pavel"]
[Result "0-1"]
[WhiteElo "1968"]
[BlackElo "2295"]
[PlyCount "121"]
[EventDate "2017.??.??"]
[EventType "swiss"]
[EventCountry "ITA"]
[SourceTitle "Acqui Terme"]
[TimeControl "40/5400+30:1800+30"]
[WhiteClock "0:13:04"]
[BlackClock "0:07:35"]

1. d4 {[%emt 0:00:00]} Nf6 {[%emt 0:07:30]} 2. Nf3 {[%emt 0:00:00]} g6 {[%emt 0:01:13]} 3. g3 {[%emt 0:00:15]} Bg7 {[%emt 0:00:02]} 4. Bg2 {[%emt 0:00:10]} O-O {[%emt 0:00:02]} 5. O-O {[%emt 0:00:17]} c5 {[%emt 0:03:35]} 6. d5 {[%emt 0:06:13]} d6 {[%emt 0:01:33]} 7. c4 {[%emt 0:00:34]} Na6 {[%emt 0:06:51]} 8. Nc3 {[%emt 0:00:59]} Nc7 {[%emt 0:00:05]} 9. e4 {[%emt 0:05:26]} a6 {[%emt 0:00:11]} 10. a4 {[%emt 0:00:21]} Rb8 {[%emt 0:00:33]} 11. a5 {[%emt 0:02:04]} e6 {[%emt 0:01:17]} 12. dxe6 {[%emt 0:03:13]} Bxe6 {[%emt 0:05:44]} 13. Qd3 {[%emt 0:04:19]} Ng4 {[%emt 0:04:43]} 14. Na4 {[%emt 0:06:51]} Qe7 {[%emt 0:03:05]} 15. Nb6 {[%emt 0:03:32]} Rbd8 {[%emt 0:04:33]} 16. Qe2 {[%emt 0:04:10]} Ne5 {[%emt 0:02:09]} 17. Ne1 {[%emt 0:06:05]} Nc6 {[%emt 0:00:44]} 18. Nc2 {[%emt 0:01:07]} Rfe8 {[%emt 0:06:10]} 19. Re1 {[%emt 0:01:17]} Na8 {[%emt 0:05:17]} 20. Nd5 {[%emt 0:08:27]} Bxd5 {[%emt 0:02:15]} 21. cxd5 {[%emt 0:00:05]} Nd4 {[%emt 0:00:27]} 22. Nxd4 {[%emt 0:00:34]} Bxd4 {[%emt 0:00:10]} 23. Be3 {[%emt 0:01:16]} Bg7 {[%emt 0:03:51]} 24. Qd2 {[%emt 0:06:02]} Nc7 {[%emt 0:00:18]} 25. Bg5 {[%emt 0:03:29]} Bf6 {[%emt 0:00:05]} 26. Bxf6 {[%emt 0:00:29]} Qxf6 {[%emt 0:00:01]} 27. b4 {[%emt 0:02:12]} cxb4 {[%emt 0:00:30]} 28. Rab1 {[%emt 0:00:15]} Qc3 {[%emt 0:03:36]} 29. Red1 {[%emt 0:06:03]} Nb5 {[%emt 0:00:30]} 30. Rxb4 {[%emt 0:00:30]} Qa3 {[%emt 0:01:15]} 31. Rc4 {[%emt 0:01:00]} Rc8 {[%emt 0:00:51]} 32. Rdc1 {[%emt 0:00:25]} Rxc4 {[%emt 0:00:18]} 33. Rxc4 {[%emt 0:00:07]} Kg7 {[%emt 0:06:41]} 34. f3 {[%emt 0:02:15]} Re7 {[%emt 0:00:33]} 35. Kf2 {[%emt 0:01:40]} f6 {[%emt 0:01:47]} 36. Bh3 {[%emt 0:05:24]} Qb3 {[%emt 0:02:51]} 37. Qc2 {[%emt 0:04:08]} Qa3 {[%emt 0:00:03]} 38. Be6 {[%emt 0:00:48]} Qxa5 {[%emt 0:01:34]} 39. Rc8 {[%emt 0:00:29]} Rc7 {[%emt 0:03:34]} 40. Rg8+ {[%emt 0:02:08]} Kh6 {[%emt 0:30:02]} 41. Qe2 {[%emt 0:30:36]} Rc3 {[%emt 0:04:07]} 42. g4 {[%emt 0:06:44]} Qb6+ {[%emt 0:10:32]} 43. Kg2 {[%emt 0:06:40]} Qd4 {[%emt 0:02:28]} 44. h4 {[%emt 0:00:00]} Rc1 {[%emt 0:00:00]} 45. Kg3 {[%emt 0:00:00]} Nc3 {[%emt 0:00:00]} 46. g5+ {[%emt 0:00:00]} fxg5 {[%emt 0:00:00]} 47. hxg5+ {[%emt 0:00:00]} Kxg5 {[%emt 0:00:00]} 48. f4+ {[%emt 0:00:00]} Kf6 {[%emt 0:00:00]} 49. e5+ {[%emt 0:00:00]} Ke7 {[%emt 0:00:46]} 50. exd6+ {[%emt 0:00:00]} Kxd6 {[%emt 0:00:34]} 51. Qe5+ {[%emt 0:00:00]} Qxe5 {[%emt 0:00:30]} 52. Rd8+ {[%emt 0:00:00]} Kc5 {[%emt 0:02:03]} 53. fxe5 {[%emt 0:00:00]} Kd4 {[%emt 0:01:04]} 54. Bc8 {[%emt 0:00:00]} Kxe5 {[%emt 0:00:31]} 55. Bxb7 {[%emt 0:00:00]} Ne4+ {[%emt 0:00:30]} 56. Kf3 {[%emt 0:00:00]} Rc3+ {[%emt 0:01:07]} 57. Ke2 {[%emt 0:00:00]} Nd6 {[%emt 0:00:37]} 58. Bxa6 {[%emt 0:00:00]} Kxd5 {[%emt 0:00:26]} 59. Rh8 {[%emt 0:00:00]} Rc7 {[%emt 0:00:59]} 60. Kf3 {[%emt 0:00:00]} Ke5 {[%emt 0:00:12]} 61. Kg4 {[%emt 0:00:00]} 0-1

[Event "WSCC 50 Open 2017"]
[Site "?"]
[Date "2017.11.17"]
[Round "10"]
[White "Prie, Eric"]
[Black "Prasad, Devaki V"]
[Result "1-0"]
[WhiteElo "2482"]
[BlackElo "2290"]
[Annotator "TA"]
[PlyCount "48"]
[EventDate "2017.??.??"]
[EventType "swiss"]
[EventCountry "ITA"]
[SourceTitle "Acqui Terme"]

{[%evp 18,48,18,5,19,29,25,18,39,39,39,43,43,21,27,20,26,22,34,13,33,16,56,19,183,177,158,172,187,150,29983,29984,29997]} 1. d4 Nf6 2. Nf3 g6 3. Nc3 d5 4. Bf4 Bg7 5. Nb5 Na6 6. e3 {D00: Damenbauernspiele} O-O 7. h3 c6 8. Nc3 Nb8 (8... Nc7 9. Be2 Bf5 10. O-O Rc8 11. Bh2 Ne4 12. Nxe4 Bxe4 13. c3 {½-½ (55) Aronian,L (2799)-Vachier Lagrave,M (2804) Tbilisi 2017}) 9. Bd3 c5 10. O-O {LiveBook: 4 Partien} cxd4 11. exd4 Nc6 12. Qd2 $146 ({Vorgänger:} 12. Re1 Be6 13. Qd2 Nb4 14. Be2 {½-½ (63) Voveris,G (2263)-Evans,G (2262) ICCF email 2007}) 12... a6 13. Rfe1 Re8 14. Rad1 b5 15. a3 Bb7 16. Bh6 Bh8 17. Ne2 Ne4 18. Qf4 Qb8 19. Qh4 f5 20. Nf4 e6 $2 {[#]} (20... Nd8 $11 {und Schwarz muss sich keine Sorgen machen.}) 21. Bxe4 $1 $40 {[%mdl 128] Weiss hat starken Angriff.} dxe4 22. Ng5 {zielt auf Lg7! ab.} Bf6 23. Qg3 {Droht stark Sxh7!} Nd8 $2 {[#]} (23... Bxg5 $16 24. Qxg5 (24. Bxg5 Qc7 $16) 24... Qd8) 24. Nxh7 $1 {[%mdl 512]} e3 {Precision: Weiß = 56%, Schwarz = 26%.} (24... Kxh7 25. Qxg6+) 1-0

[Event "WSCC 50 Open 2017"]
[Site "?"]
[Date "2017.11.17"]
[Round "10"]
[White "Okhotnik, Vladimir"]
[Black "Vaisser, Anatoly"]
[Result "1-0"]
[WhiteElo "2434"]
[BlackElo "2503"]
[Annotator "TA"]
[PlyCount "48"]
[EventDate "2017.??.??"]
[EventType "swiss"]
[EventCountry "ITA"]
[SourceTitle "Acqui Terme"]

{[%evp 18,48,14,18,29,16,25,20,35,31,50,43,48,31,31,17,16,16,29,15,45,26,60,0,191,200,178,181,153,167,29984,29984,29997]} 1. d4 Nf6 2. Nf3 g6 3. Nc3 d5 4. Bf4 Bg7 5. Nb5 Na6 6. e3 {D00: 1 d4 d5: Unusual lines} O-O 7. h3 c6 8. Nc3 Nb8 (8... Nc7 9. Be2 Bf5 10. O-O Rc8 11. Bh2 Ne4 12. Nxe4 Bxe4 13. c3 {½-½ (55) Aronian,L (2799)-Vachier Lagrave,M (2804) Tbilisi 2017}) 9. Bd3 c5 10. O-O {LiveBook: 4 Games} cxd4 11. exd4 Nc6 12. Qd2 $146 ({Predecessor:} 12. Re1 Be6 13. Qd2 Nb4 14. Be2 {½-½ (63) Voveris,G (2263)-Evans,G (2262) ICCF email 2007}) 12... a6 13. Rfe1 Re8 14. Rad1 b5 15. a3 Bb7 16. Bh6 Bh8 17. Ne2 Ne4 18. Qf4 Qb8 19. Qh4 f5 20. Nf4 (20. Bf4 $14 Bf6 21. Ng5 (21. Bxb8 Bxh4 22. Nxh4 Raxb8 $14) 21... Nxg5 22. Bxg5 (22. Bxb8 Nf3+ 23. gxf3 Bxh4 $11)) 20... e6 $2 {[#]} (20... Nd8 $11 {and Black stays safe.}) 21. Bxe4 $1 $40 {[%mdl 128] White has strong attack.} dxe4 22. Ng5 {Black must now prevent Bg7!} Bf6 23. Qg3 {And now Nxh7! would win.} Nd8 $2 (23... Bxg5 $18 24. Qxg5 (24. Bxg5 Qc7 $16) 24... Qd8) 24. Nxh7 $1 e3 {Precision: White = 45%, Black = 29%.} 1-0

[Event "WSCC 50 Open 2017"]
[Site "?"]
[Date "2017.11.17"]
[Round "10"]
[White "Antonio, Rogelio Jr"]
[Black "Bagaturov, Giorgi"]
[Result "1/2-1/2"]
[WhiteElo "2431"]
[BlackElo "2399"]
[Annotator "TA"]
[PlyCount "52"]
[EventDate "2017.??.??"]
[EventType "swiss"]
[EventCountry "ITA"]
[SourceTitle "Acqui Terme"]

{[%evp 18,52,16,11,22,11,12,0,0,-8,-6,-31,0,-34,-26,-49,-26,-27,7,9,4,-17,-14,-32,-24,-28,-21,-24,-14,-39,-29,-38,-16,-49,-1,-1,-1]} 1. e4 c5 2. Nf3 e6 3. Nc3 Nc6 4. Bb5 Nd4 5. O-O a6 6. Bd3 Nc6 {B30: Sicilian: 2...Nc6 3 Bb5, lines without ...g6} 7. Re1 d6 8. Bf1 Nf6 9. d4 cxd4 10. Nxd4 {LiveBook: 3 Games} Qc7 11. a4 $146 ({Predecessor:} 11. Nxc6 bxc6 12. Na4 c5 13. Bf4 Qc6 14. Nc3 {1-0 (73) Tiviakov,S (2648)-Caruana,F (2549) Vlissingen 2007}) 11... Be7 12. Nb3 b6 13. Qf3 O-O 14. Qg3 Re8 15. f4 Nb4 16. Bd3 e5 17. f5 d5 {aiming for ...dxe4.} 18. Bh6 {[%csl Gh6][%cal Rg3g7] [#]} g6 19. Nxd5 (19. Rf1 {is interesting.} Nxd3 20. cxd3 dxe4 21. dxe4 Bb7 22. Rac1) 19... Nfxd5 20. exd5 Nxd3 21. fxg6 hxg6 ({Wrong is} 21... Bc5+ $2 22. Nxc5 (22. Kf1 fxg6 23. Qxd3 Bf5 $11) 22... Qxc5+ 23. Be3 $18) 22. cxd3 Bb7 23. Rac1 Qd7 24. Nd2 ({But not} 24. Qxe5 $2 Bf8 $19) 24... Bxd5 25. Nc4 Bc5+ ({Avoid the trap} 25... Qxa4 $2 26. Nxb6 Qb4 27. Nxd5 $18) (25... Bxc4 $5 26. dxc4 Rad8 $15) 26. Be3 Bxc4 {Precision: White = 37%, Black = 63%.} 1/2-1/2